LACHIT BORPHUKAN (Record no. 2988)
[ view plain ]
| 000 -LEADER | |
|---|---|
| fixed length control field | 00385cam a2200169ua 4500 |
| 008 - FIXED-LENGTH DATA ELEMENTS--GENERAL INFORMATION | |
| fixed length control field | 190507n1987 II |||gr||||Z||||||asm |
| 040 ## - CATALOGING SOURCE | |
| Original cataloging agency | MAIN |
| 041 ## - LANGUAGE CODE | |
| -- | English |
| 082 ## - DEWEY DECIMAL CLASSIFICATION NUMBER | |
| Classification number | 891.451 KAL |
| 100 ## - MAIN ENTRY--PERSONAL NAME | |
| Personal name | KALITA, HOREN. |
| 245 ## - TITLE STATEMENT | |
| Title | LACHIT BORPHUKAN |
| 260 ## - PUBLICATION, DISTRIBUTION, ETC. | |
| Place of publication, distribution, etc. | NAGAON: |
| Name of publisher, distributor, etc. | KATHA PRAKASHAN, |
| Date of publication, distribution, etc. | 1987. |
| 300 ## - PHYSICAL DESCRIPTION | |
| Extent | 48: |
| Dimensions | 20CM. |
| 942 ## - ADDED ENTRY ELEMENTS (KOHA) | |
| Koha item type | Books |
| 653 ## - INDEX TERM--UNCONTROLLED | |
| Uncontrolled term | Asomiya Sahitya |
| Withdrawn status | Lost status | Damaged status | Not for loan | Collection code | Home library | Current library | Shelving location | Date acquired | Total Checkouts | Full call number | Barcode | Date last seen | Date last checked out | Copy number | Price effective from | Koha item type | Public note |
|---|---|---|---|---|---|---|---|---|---|---|---|---|---|---|---|---|---|
| REFASM | Central Library and Information Centre Sibsagar Girls College | Central Library and Information Centre Sibsagar Girls College | HISTORY REFERENCE RACK | 07.03.1985 | 1 | 891.451 KAL | 11237 | 28.11.2022 | 11.11.2022 | 1 | 27.02.2020 | Books | V |